Pays ayant participé à la Coupe du Monde de Football A-Z - Statistiques

Statistiques générales
  • Ce quiz a été pris 168 fois
  • Le résultat moyen est 19 sur 22
Statistiques - réponses
Lettre Pays % Correct
A Afrique du Sud | Algérie | Allemagne de l'Est | Allemagne | Angleterre | Angola | Arabie saoudite | Argentine | Australie | Autriche
99%
C Cameroun | Canada | Chili | Chine | Colombie | Corée du Nord | Corée du Sud | Costa Rica | Côte d'Ivoire | Croatie | Cuba
99%
F France
99%
I Irak | Iran | Irlande du Nord | Islande | Israël | Italie | Irlande
99%
P Panama | Paraguay | Pays de Galles | Pays-Bas | Pérou | Pologne | Portugal
99%
B Belgique | Bolivie | Bosnie-Herzégovine | Brésil | Bulgarie
98%
E Écosse | Égypte | Émirats arabes unis | Équateur | Espagne | États-Unis
98%
H Haïti | Honduras | Hongrie
97%
J Jamaïque | Japon | Jordanie
97%
S Salvador | Sénégal | Serbie | Slovaquie | Slovénie | Suède | Suisse
96%
R Roumanie | Russie
95%
D Danemark
94%
U Ukraine | URSS | Uruguay
94%
Q Qatar
92%
T Tchécoslovaquie | Tchéquie | Togo | Trinité-et-Tobago | Tunisie | Turquie
89%
M Maroc | Mexique
86%
G Ghana | Grèce
82%
N Nigeria | Norvège | Nouvelle-Zélande
82%
Y Yougoslavie
72%
K Koweït
60%
O Ouzbékistan
58%
Z Zaïre
51%
Aucun quiz correspondant
Distribution des résultats
% des personnes avec chaque résultat
Percentile par nombre de réponses
Votre historique - résultats
Vous n’avez pas pris ce quiz